The weight of violence : (Record no. 92303)

MARC details
000 -LEADER
fixed length control field 01207nam a22002897a 4500
005 - DATE AND TIME OF LATEST TRANSACTION
control field 20150429110613.0
010 ## - LCCN (DPL NO)
LC control number ENG-112406
020 ## - INTERNATIONAL STANDARD BOOK NUMBER
International Standard Book Number 9780199453726
Terms of availability 895.00
020 ## - INTERNATIONAL STANDARD BOOK NUMBER
International Standard Book Number 0199453721
Terms of availability 895.00
035 ## - SYSTEM CONTROL NUMBER
System control number EN-95938
037 ## - SOURCE OF ACQUISITION
Source of stock number/acquisition DBAD/PUB
082 ## - DEWEY DECIMAL CLASSIFICATION NUMBER
Classification number 303.6
245 ## - TITLE STATEMENT
Title The weight of violence :
Statement of responsibility, etc edited by Saitya Brata Das [and] Soumyabrata Choudhury
Remainder of title religion, language, politics /
260 ## - PUBLICATION, DISTRIBUTION, ETC. (IMPRINT)
Place of publication, distribution, etc New Delhi
Name of publisher, distributor, etc Oxford University Press
Date of publication, distribution, etc 2015
270 ## - ADDRESS
Address YMCA Library Building, 1 Jai Singh Road,
City New Delhi
Postal code 110001
300 ## - PHYSICAL DESCRIPTION
Extent xxi,271p.
Dimensions 23cm(Hb)
500 ## - GENERAL NOTE
General note Papers presented at the International Conference on ’Religion, Violence, Language’, jointly sponsored by ICPR and IIAS held at Indian Institute of Advanced Study during 9-11 April, 2012.
500 ## - GENERAL NOTE
General note Includes bibliographical references and index.
650 ## - SUBJECT ADDED ENTRY--TOPICAL TERM
Topical term or geographic name as entry element Violence
Form subdivision Congresses.
650 ## - SUBJECT ADDED ENTRY--TOPICAL TERM
Topical term or geographic name as entry element Violence
General subdivision Philosophy
Form subdivision Congresses.
650 ## - SUBJECT ADDED ENTRY--TOPICAL TERM
Topical term or geographic name as entry element Violence
General subdivision Religious aspects
Form subdivision Congresses.
650 ## - SUBJECT ADDED ENTRY--TOPICAL TERM
Topical term or geographic name as entry element Sociolinguistics
Form subdivision Congresses.
650 ## - SUBJECT ADDED ENTRY--TOPICAL TERM
Topical term or geographic name as entry element Political violence
Form subdivision Congresses.
700 ## - ADDED ENTRY--PERSONAL NAME
Personal name Das, Saitya Brata
700 ## - ADDED ENTRY--PERSONAL NAME
Personal name Choudhury, Soumyabrata
942 ## - ADDED ENTRY ELEMENTS (KOHA)
Source of classification or shelving scheme Dewey Decimal Classification
Item type English Books
Call number suffix WEI
Classification part 303.6
Holdings
Withdrawn status Lost status Not for loan Collection code Home library Current library Date acquired Source of acquisition Cost, normal purchase price Full call number Barcode Copy number Cost, replacement price Koha item type
    Not For Loan Non-fiction D.B.Act.Division D.B.Act.Division 18/03/2015 DBAD/PUB 895.00 303.6 WEI EN-95938 1 895.00 English Books

© Delhi Public Library
Hit Counter
free hit counter